[Event "Todd Southam Mem"]
[Site "Toronto CAN"]
[Date "2004.06.13"]
[Round "4"]
[White "Noritsyn,N"]
[Black "Day,L"]
[Result "1-0"]
[WhiteElo "2153"]
[BlackElo "2266"]

1.e4 g6 2.d4 Bg7 3.Nc3 c5 4.dxc5 Bxc3+ 5.bxc3 Nf6 6.e5 Ne4 7.Bd3 Nxc5 8.Nf3 Nc6
9.O-O Qa5 10.Re1 b6 11.Bd2 Ba6 12.Qe2 O-O 13.c4 Qa4 14.Bh6 Rfe8 15.h4 Rad8
16.h5 Ne6 17.Ng5 Nxg5 18.Bxg5 Kg7 19.Qg4 Qb4 20.Qf4 d5 21.e6 f5 22.Bh6+ Kh8
23.hxg6 dxc4 24.g7+ Kg8  1-0

[Event "8th Open"]
[Site "Voronezh RUS"]
[Date "2004.06.18"]
[Round "7"]
[White "Tjurin,A"]
[Black "Chernyshov,K"]
[Result "0-1"]
[WhiteElo "2397"]
[BlackElo "2556"]

1.e4 g6 2.d4 Bg7 3.Nc3 a6 4.Be3 b5 5.Qd2 Bb7 6.f3 d6 7.a4 b4 8.Nd1 a5 9.c3 bxc3
10.Nxc3 Nf6 11.Bb5+ c6 12.Bd3 O-O 13.Nge2 Ba6 14.Bc2 Nbd7 15.O-O Qc7 16.Rfc1 Rab8
17.Rab1 Rfc8 18.b3 Rb7 19.Nd1 Rcb8 20.Nf2 e5 21.Bd1 Bxe2 22.Qxe2 exd4 23.Bxd4 c5
24.Bc3 Ne8 25.Qd2 Bxc3 26.Qxc3 Ne5 27.f4 Nc6 28.Ng4 Nd4 29.e5 Rb4 30.Qe3 Kg7
31.Rb2 Nf5 32.exd6 Qxd6 33.Qxc5 Rxf4 34.Rf2 Rd4 35.Qe5+ f6 36.Qxd6 Rxd6 37.Re2 Kf8
38.Ne3 Rbd8 39.Bc2 Nxe3 40.Rxe3 Rc6 41.Rd1 Rdc8 42.Be4 Rc1 43.Ree1 Rxd1 44.Rxd1 f5
45.Bf3 Nf6 46.Rd6 Ke7 47.Rb6 Nd7 48.Rb5 Rc5 49.Rb7 Kd6 50.b4 axb4 51.Rxb4 Rc1+
52.Kf2 Ra1 53.Rd4+ Ke6 54.g4 Ne5 55.gxf5+ gxf5 56.Be2 Ra2 57.Ke3 Ra3+ 58.Kf2 Ng6
59.Rb4 Ra2 60.Kf3 Ra3+ 61.Kf2 f4 62.Rb7 Rxa4 63.Rxh7 Ne5 64.Rh6+ Kf5 65.Ra6 Rb4
66.Ra2 Rb3 67.Bf1 Kg4 68.Rd2 Kh4 69.h3 Rf3+ 70.Kg2 Rxh3 71.Be2 Re3 72.Kf2 Kg5
73.Rd8 Rh3 74.Kf1 Rh2 75.Rg8+ Kf6  0-1

[Event "PWPW S.A Chess Cup"]
[Site "Warsaw POL"]
[Date "2004.06.19"]
[Round "3"]
[White "Kosteniuk,A"]
[Black "Zielinska,Mar"]
[Result "0-1"]
[WhiteElo "2469"]
[BlackElo "2411"]

1.e4 g6 2.d4 Bg7 3.Nc3 d5 4.exd5 Nf6 5.Bb5+ Nbd7 6.Nge2 O-O 7.Nf4 Nb6 8.Qf3 Bf5
9.O-O Bxc2 10.Re1 a6 11.Bf1 Bf5 12.b3 Qd7 13.Ba3 Rfe8 14.h3 h5 15.Re5 Nh7
16.Rae1 Bf6 17.Nxh5 Bxe5 18.dxe5 gxh5 19.e6 fxe6 20.dxe6 Bxe6 21.Ne4 Qd4
22.Qxh5 Bf7 23.Qe2 Bg6 24.Nc5 e5 25.Rd1 Qh4 26.g3 Qh6 27.Nxb7 Ng5 28.h4 Be4
29.Bg2 Bxg2 30.Kxg2 Qc6+ 31.f3 e4 32.Qd2 exf3+ 33.Kf1 Ne4 34.Qf4 Qe6 35.Kg1 f2+
36.Kg2 Rf8 37.Bxf8 Rxf8 38.Qxc7 Qg4 39.Rf1 Nd5  0-1

[Event "32nd World Open"]
[Site "Philadelphia USA"]
[Date "2004.07.05"]
[Round "8"]
[White "Shipman,W"]
[Black "Dougherty,M"]
[Result "0-1"]
[WhiteElo "2223"]
[BlackElo "2229"]

1.d4 g6 2.e4 Bg7 3.Nc3 c5 4.d5 d6 5.Nge2 Nf6 6.a4 e6 7.dxe6 fxe6 8.Nf4 Nc6
9.Bc4 Qe7 10.O-O O-O 11.f3 Nd4 12.Nb5 Kh8 13.c3 Nxb5 14.axb5 a5 15.bxa6 bxa6
16.Qb3 Re8 17.Rd1 g5 18.Nh3 h6 19.Nf2 Nd7 20.Be3 Ne5 21.Bf1 Bb7 22.Qb6 Bc6
23.Rd2 Rab8 24.Qa5 Bb5 25.Qa2 Rf8 26.Rad1 Rbd8 27.c4 Bc6 28.Nd3 Nxf3+ 29.gxf3 Rxf3
30.Bf2 Rdf8 31.Bg2 Qf7 32.b4 Bxe4 33.bxc5 d5 34.Ne1 Rf4 35.Bxe4 dxe4 36.Ng2 e3
37.Nxe3 Bd4 38.Re1 Bxc5 39.Qb2+ Kg8 40.Ree2 Rxf2  0-1

[Event "19th North Sea Cup"]
[Site "Esbjerg DEN"]
[Date "2004.07.08"]
[Round "7"]
[White "Rewitz,P"]
[Black "Petersen,To"]
[Result "1/2-1/2"]
[WhiteElo "2280"]
[BlackElo "2233"]

1.e4 g6 2.d4 Bg7 3.Nc3 Nc6 4.d5 Nb8 5.Be3 d6 6.Qd2 c6 7.Bd3 Nd7 8.Nge2 Ne5
9.f4 Nxd3+ 10.cxd3 cxd5 11.Nxd5 Nf6 12.Bd4 e5 13.Nxf6+ Bxf6 14.fxe5 dxe5
15.Bc5 Be7 16.Qb4 b6 17.Bxe7 Qxe7 18.Qxe7+ Kxe7 19.Rc1 Be6 20.a3 Rac8 21.Kd2 Rhd8  1/2-1/2

[Event "HUN-POL Women's Match"]
[Site "Szeged HUN"]
[Date "2004.07.09"]
[Round "4"]
[White "Medvegy,N"]
[Black "Radziewicz,I"]
[Result "0-1"]
[WhiteElo "2407"]
[BlackElo "2431"]

1.e4 g6 2.d4 Bg7 3.Nc3 c5 4.dxc5 Bxc3+ 5.bxc3 Qa5 6.Ne2 Nf6 7.e5 Ne4 8.Qd5 Nxc5
9.Be3 Nba6 10.h4 d6 11.exd6 Be6 12.Qg5 O-O-O 13.dxe7 Rd5 14.Qh6 Re8 15.g3 Rd7
16.Bg2 Bg4 17.Qg7 Qb5 18.Bf1 Qb2 19.Rc1 Nb4 20.Bxc5 Qxc1+  0-1

[Event "HUN-POL Women's Match"]
[Site "Szeged HUN"]
[Date "2004.07.10"]
[Round "5"]
[White "Madl,I"]
[Black "Zielinska,Mar"]
[Result "1/2-1/2"]
[WhiteElo "2348"]
[BlackElo "2402"]

1.e4 g6 2.d4 Bg7 3.Nc3 d5 4.exd5 Nf6 5.Bc4 Nbd7 6.Nf3 O-O 7.O-O Nb6 8.Bb3 a5
9.a4 Nbxd5 10.Nxd5 Nxd5 11.h3 c6 12.Re1 Re8 13.c3 Qb6 14.Bc4 Bd7 15.Qe2 Rad8
16.Ne5 Be6 17.Qf3 Qc7 18.Bd2 Qc8 19.Rab1 Nb6 20.Bxe6 Qxe6 21.b3 Qd5 22.c4 Qxf3
23.Nxf3 Ra8 24.Rbd1 Nd7  1/2-1/2

[Event "ACT Open"]
[Site "Amsterdam NED"]
[Date "2004.07.25"]
[Round "9"]
[White "Michiels,B"]
[Black "Buckley,Si"]
[Result "1/2-1/2"]
[WhiteElo "2450"]
[BlackElo "2314"]

1.e4 g6 2.d4 Bg7 3.Nc3 a6 4.f4 b5 5.Nf3 d6 6.Bd3 Nd7 7.e5 Bb7 8.Qe2 e6 9.O-O Ne7
10.Ne4 Qb8 11.c3 h6 12.a4 d5 13.Nf2 bxa4 14.Rxa4 c5 15.dxc5 Nxc5 16.Ra3 Nxd3
17.Nxd3 Bc6 18.Nd4 Bb5 19.Nxb5 Qxb5 20.Be3 Nc6 21.Bc5 Bf8 22.Qe3 Na5 23.Bxf8 Kxf8
24.Qc5+ Qxc5+ 25.Nxc5 Nc4 26.Ra2 Ke7 27.b3 Rhc8 28.Na4 Na5 29.Nb6 Nxb3 30.Nxc8+ Rxc8
31.Rxa6 Rxc3 32.Ra3 d4 33.Rb1 Nc5 34.Rxc3 dxc3 35.Rc1 Nd3 36.Rxc3 Nxf4 37.Kf2 Kf8
38.Kf3 Nd5 39.Ra3 Kg7 40.Ra7 Nb6 41.Ke4 Nd5 42.Kd4 h5 43.Kc5 Ne3 44.Kd6 Nc4+
45.Ke7 Nxe5 46.Ra2 Ng4 47.g3 Ne3 48.Ra7 Nf5+ 49.Ke8 Nh6 50.Ke7 g5 51.Ke8 Kg6
52.Kf8 e5 53.Ra6+ f6 54.Ke7 Nf5+ 55.Ke6 g4 56.Kd5 h4 57.gxh4 Nxh4 58.Ke4 Nf3
59.Ra2 Ng5+ 60.Ke3 f5 61.Ra6+ Kh5 62.Kf2 Ne4+ 63.Ke3 Ng5 64.Kf2 f4 65.Kg2 Nf3
66.Re6 Kg5 67.h3 Nh4+ 68.Kf1 Kf5 69.Rh6 Kg5 70.Re6 Kf5 71.Rh6 Kg5  1/2-1/2

[Event "Politiken Cup"]
[Site "Copenhagen DEN"]
[Date "2004.07.31"]
[Round "9"]
[White "Tadjerbashi,A"]
[Black "Fries Nielsen,JO"]
[Result "1/2-1/2"]
[WhiteElo "2095"]
[BlackElo "2398"]

1.e4 g6 2.d4 Bg7 3.Nc3 a6 4.a4 d6 5.Nge2 e6 6.g3 b6 7.Bg2 Bb7 8.O-O Ne7 9.Bg5 h6
10.Be3 Nd7 11.Qd2 Rb8 12.h3 Nf6 13.g4 b5 14.axb5 axb5 15.Ng3 h5 16.g5 Nd7
17.b3 b4 18.Na2 h4 19.Ne2 c5 20.Rad1 Ba6 21.Rfe1 Bxe2 22.Rxe2 Ra8 23.Nc1 Qc7
24.dxc5 dxc5 25.Qd3 Nc6 26.Red2 Bd4 27.Bxd4 cxd4 28.e5 Ndxe5 29.Qe4 Ra6 30.Ne2 O-O
31.Nxd4 Rd8 32.Qxh4 Nxd4 33.Rxd4 Rxd4 34.Qxd4 Qxc2 35.Qd8+ Kh7 36.Qd4 Kg8
37.Qd8+ Kh7 38.Qd4 Kg8  1/2-1/2

[Event "Liepajas Rokade"]
[Site "Liepaya LAT"]
[Date "2004.08.01"]
[Round "12"]
[White "Sveshnikov,E"]
[Black "Luckans,A"]
[Result "1-0"]
[WhiteElo "2508"]
[BlackElo "2455"]

1.e4 g6 2.d4 Bg7 3.Nc3 c5 4.dxc5 Qa5 5.Bd2 Qxc5 6.Nd5 Na6 7.Nf3 Bxb2 8.Rb1 Bg7
9.Bxa6 bxa6 10.O-O a5 11.Rb5 Qc6 12.Be3 d6 13.Nd4 Qc4 14.Rxa5 Nf6 15.Nb6 Qc3
16.Ra4 axb6 17.Rxa8 O-O 18.Qd3 Qc7  1-0

[Event "Open"]
[Site "Davos SUI"]
[Date "2004.08.04"]
[Round "5"]
[White "Horvath,Ta1"]
[Black "Tiller,B"]
[Result "1-0"]
[WhiteElo "2452"]
[BlackElo "2390"]

1.e4 g6 2.d4 Bg7 3.Nc3 a6 4.Be3 b5 5.Qd2 Bb7 6.f3 d6 7.h4 h5 8.Nh3 e6 9.Ng5 Nd7
10.a4 b4 11.Ne2 c5 12.dxc5 dxc5 13.O-O-O Nh6 14.Nf4 Rc8 15.Bc4 Bc6 16.Ngxe6 fxe6
17.Nxe6 Qf6 18.e5 Nxe5 19.Nxg7+ Qxg7 20.Rhe1 Nhf7 21.Bf4 Kf8 22.Bxe5 Nxe5
23.Qd6+ Qe7 24.Qxe7+ Kxe7 25.Rxe5+ Kf6 26.Re6+  1-0

[Event "ch-GBR"]
[Site "Scarborough ENG"]
[Date "2004.08.05"]
[Round "4"]
[White "Hanley,C"]
[Black "Storey,Ch"]
[Result "1-0"]
[WhiteElo "2356"]
[BlackElo "2217"]

1.e4 g6 2.d4 Bg7 3.Nc3 c5 4.d5 d6 5.Nf3 Nf6 6.h3 O-O 7.Bc4 b5 8.Nxb5 Nxe4
9.O-O a6 10.Na3 Nd7 11.Re1 Nef6 12.Bf1 Nb6 13.c4 e5 14.dxe6 fxe6 15.Bf4 e5
16.Be3 e4 17.Nd2 h6 18.Nab1 Ra7 19.Nc3 Re7 20.a3 g5 21.b4 Nbd7 22.Rb1 cxb4
23.axb4 Qe8 24.Nb3 g4 25.Nd5 Re5 26.Nf4 gxh3 27.Nxh3 Kh8 28.Qxd6 Re6 29.Qd2 Ng4
30.Bd4 Qh5 31.Bxg7+ Kxg7 32.f3 Nge5 33.Nd4 Rg6 34.Nf4 Rxf4 35.Qxf4 Nf6 36.Rxe4 Nxe4
37.Qxe4 Bh3 38.Re1 Nf7 39.Qe7 Bc8 40.Ne6+  1-0

[Event "ch-GBR"]
[Site "Scarborough ENG"]
[Date "2004.08.07"]
[Round "6"]
[White "Jones,G"]
[Black "Storey,Ch"]
[Result "1-0"]
[WhiteElo "2453"]
[BlackElo "2217"]

1.e4 c5 2.Nc3 g6 3.d4 Bg7 4.dxc5 Bxc3+ 5.bxc3 Qa5 6.Bd3 Qxc3+ 7.Bd2 Qxc5
8.Rb1 d6 9.Rb5 Qc7 10.Qa1 Nf6 11.Bc3 Nbd7 12.f4 O-O 13.Ne2 b6 14.O-O Nc5
15.e5 Ng4 16.h3 Nxd3 17.cxd3 Ba6 18.Rb2 Ne3 19.Rf3 Nd5 20.exd6 Qxd6 21.Be5 Qd7
22.f5 f6 23.Bh2 gxf5 24.Nd4 f4 25.Bxf4 e5 26.Bh6 exd4 27.Bxf8 Rxf8 28.Rbf2 Nc3
29.Qc1 Nd5 30.Rg3+ Kh8 31.Qb2 Ne7 32.Rg4 Rd8 33.Qa3 f5 34.Rh4 Qe6 35.Rhf4 b5
36.Qb2 Qe1+ 37.Kh2 Qe5 38.g3 Bb7 39.Re2 Qd5 40.Rf1 Ng6 41.Ref2 f4 42.gxf4 Nh4
43.Qe2 Ng6 44.Qg4 Rg8 45.Qg5 Qd6 46.Re2 Rf8 47.Ref2 b4 48.Qg3 Rg8 49.Rg1 Ne7
50.Qh4 Rxg1 51.Kxg1 Qc6 52.Re2 Nf5 53.Qg5 Qh1+ 54.Kf2 Qf3+ 55.Ke1 Qg3+ 56.Qxg3 Nxg3
57.Re8+ Kg7 58.Re7+  1-0

[Event "14th Open"]
[Site "Abu Dhabi UAE"]
[Date "2004.08.16"]
[Round "3"]
[White "Moradiabadi,E"]
[Black "Minasian,Art"]
[Result "0-1"]
[WhiteElo "2435"]
[BlackElo "2584"]

1.d4 g6 2.e4 Bg7 3.Nc3 a6 4.a4 d6 5.Nf3 Nc6 6.Be3 Nf6 7.d5 Nb8 8.Be2 O-O
9.O-O c6 10.Qd2 Bg4 11.Nd4 Bxe2 12.Ndxe2 cxd5 13.exd5 Nbd7 14.Bd4 Rc8 15.Rfe1 Qa5
16.Nc1 Rfe8 17.Nb3 Qc7 18.a5 Ne5 19.Bxe5 dxe5 20.Rad1 Red8 21.h3 Ne8 22.Re2 Nd6
23.Na4 Nc4 24.Qb4 e6 25.Nac5 Rxd5 26.Rxd5 exd5 27.Qxb7 Qxb7 28.Nxb7 Bf8 29.f4 e4  0-1

[Event "14th Open"]
[Site "Abu Dhabi UAE"]
[Date "2004.08.17"]
[Round "4"]
[White "Kayumov,S"]
[Black "Chernyshov,K"]
[Result "0-1"]
[WhiteElo "2404"]
[BlackElo "2585"]

1.e4 g6 2.d4 Bg7 3.Nc3 a6 4.Be3 b5 5.Qd2 Bb7 6.Bd3 d6 7.a4 b4 8.Nce2 a5 9.Ng3 Nd7
10.Nf3 h5 11.h3 e6 12.O-O Ne7 13.Ng5 d5 14.exd5 Bxd5 15.c4 bxc3 16.bxc3 O-O
17.c4 Bc6 18.Nxh5 gxh5 19.Bh7+ Kh8 20.Qc2 Nf6 21.d5 exd5 22.Bd4 Qd6 23.Rae1 Ne4
24.Bxe4 dxe4 25.Qe2 Qg6 26.Bxg7+ Kxg7 27.f4 Nf5 28.Qb2+ Kg8 29.g4 Qg7 30.Qxg7+ Nxg7
31.f5 f6 32.Nxe4 Bxe4 33.Rxe4 Rfe8 34.Rd4 Rad8 35.Rfd1 Re1+ 36.Rxe1 Rxd4
37.g5 Nxf5 38.Rf1 Nd6 39.c5 Ne4 40.gxf6 Kf7  0-1

[Event "zt2.3.c2"]
[Site "San Jose CRC"]
[Date "2004.09.05"]
[Round "1"]
[White "Gonzalez,Be CRC"]
[Black "Castillo,Ro"]
[Result "1-0"]
[WhiteElo "2420"]
[BlackElo "2118"]

1.e4 g6 2.d4 Bg7 3.Nc3 c5 4.Nf3 cxd4 5.Nxd4 Nc6 6.Be3 Nf6 7.Bc4 O-O 8.Bb3 d6
9.f3 Na5 10.Qd2 Nxb3 11.axb3 a6 12.O-O Qc7 13.Rfe1 Bd7 14.Nd5 Nxd5 15.exd5 Rfe8
16.c3 Rac8 17.Bf2 e5 18.dxe6 fxe6 19.Rad1 d5 20.f4 Kf7 21.Nf3 h6 22.Bd4 Rf8
23.g3 Kg8 24.Qd3 Bxd4+ 25.Nxd4 Rf6 26.Re3 Qb6 27.Rde1 Kg7 28.Re5 h5 29.Qe3 Kf7
30.Kg2 Re8 31.h3 Qd6 32.Nf3 Rf5 33.Qd4 Kg8 34.Nh4 Kf7 35.g4 hxg4 36.hxg4 Rxe5
37.fxe5 Qe7 38.Rf1+ Kg7 39.Rf6  1-0

[Event "1st Kalamaria Open"]
[Site "Thessaloniki GRE"]
[Date "2004.09.05"]
[Round "3"]
[White "Belov,Vl"]
[Black "Milovanovic,Ni"]
[Result "1-0"]
[WhiteElo "2532"]
[BlackElo "2263"]

1.e4 g6 2.d4 Bg7 3.Nc3 d5 4.exd5 Nf6 5.Bc4 Nbd7 6.Bg5 O-O 7.Nge2 h6 8.Bh4 g5
9.Bg3 Nb6 10.Bb3 Bf5 11.h4 Nfxd5 12.Nxd5 Nxd5 13.hxg5 hxg5 14.Qd2 e6 15.c4 Nb6
16.f3 c5 17.Rd1 cxd4 18.Nxd4 Bg6 19.c5 Nd5 20.c6 Qc7 21.cxb7 Qxb7 22.Qxg5 Qb4+
23.Qd2 Qxd2+ 24.Rxd2 Ne3 25.Nc6 Nf5 26.Be5 Rfc8 27.Bxg7 Kxg7 28.Ne5 Ne3 29.Kf2 Nf5
30.Rd7 Rab8 31.Rhd1 a5 32.R1d2 Rb6 33.g4 Nh6 34.Ra7 Rb5 35.Bxe6 Rcb8 36.Nxg6 Rxb2
37.Rxb2 Rxb2+ 38.Ke3 Kxg6 39.Bb3 f6 40.Rxa5 Nf7 41.Ra7 Nd6 42.Kf4 Re2 43.Bg8 Rb2
44.a3 Rb6 45.Bh7+ Kh6 46.Bd3 Rb7 47.Rxb7 Nxb7 48.a4 Kg7  1-0

[Event "zt2.3.c2"]
[Site "San Jose CRC"]
[Date "2004.09.06"]
[Round "3"]
[White "Lorenzana,W"]
[Black "Castillo,Ro"]
[Result "1-0"]
[WhiteElo "2210"]
[BlackElo "2118"]

1.e4 g6 2.d4 Bg7 3.Nc3 c5 4.d5 d6 5.Nf3 Nd7 6.a4 Ngf6 7.Be2 O-O 8.O-O Qc7
9.h3 b6 10.Bf4 a6 11.Bc4 Ne5 12.Nd2 Nxc4 13.Nxc4 Rb8 14.e5 Ne8 15.exd6 Nxd6
16.Ne4 Rd8 17.Re1 Bb7 18.Ncxd6 exd6 19.Bg5 Bxb2 20.Rb1 Bd4 21.c3 Be5 22.f4 Bg7
23.f5 Be5 24.Bxd8 Qxd8 25.Rf1 Qh4 26.Qd3 Bc8 27.fxg6 hxg6 28.Rbe1 f5 29.Nd2 Qxa4
30.Nc4 Bf6 31.Nxd6 Bd7 32.Qg3 Kh7 33.Ne4 Rf8 34.Nxf6+ Rxf6 35.Rf4 Qb5 36.Re7+ Kg8
37.Qg5  1-0

[Event "36th Olympiad"]
[Site "Calvia ESP"]
[Date "2004.10.24"]
[Round "9"]
[White "Ovalle,R"]
[Black "Rocha,S"]
[Result "1/2-1/2"]
[WhiteElo "2184"]
[BlackElo "2431"]

1.d4 g6 2.e4 Bg7 3.Nc3 d5 4.Nxd5 c6 5.Ne3 Qxd4 6.Qxd4 Bxd4 7.Nf3 Bg7 8.Bd3 Nd7
9.Nc4 Nc5 10.Be3 Nxd3+ 11.cxd3 Nf6 12.Na5 O-O 13.h3 Rd8 14.Ke2 Ne8 15.Rac1 Nd6
16.Rc2 f5 17.e5 Nb5 18.Rhc1 h6 19.a4 Nc7 20.h4 Nd5 21.Bd2 Rb8 22.b4 a6 23.Nb3 f4
24.Nbd4 Bg4 25.Ke1 Rf8 26.Rc5 Rbd8 27.b5 axb5 28.axb5 cxb5 29.Rxb5 Rd7 30.Rcb1 b6
31.Rc1 Ra8 32.Nh2 h5 33.Nc6 Kf8 34.Nxg4 hxg4 35.d4 Kf7 36.Nb4 Rad8 37.Nxd5 Rxd5
38.Rxd5 Rxd5 39.Rc4 b5 40.Rb4 Bh6 41.f3 gxf3 42.gxf3 Ke6 43.Ke2 Kf5 44.Bc3 Bf8
45.Rb1 e6 46.Bb4 Bxb4 47.Rxb4 Rd8 48.Kd3 Ra8 49.Rxb5 Ra3+ 50.Ke2 Re3+ 51.Kf2 Rd3
52.Rb4 g5 53.hxg5 Kxg5 54.Ke2 Re3+ 55.Kf2 Ra3 56.Rb6 Ra2+ 57.Ke1 Kh4 58.Rxe6 Kg3
59.d5 Kxf3 60.d6 Ke3 61.Kd1 f3 62.Rf6 Rd2+ 63.Kc1 Rd4 64.Kc2 f2 65.Kc3 Rf4
66.Rxf4 Kxf4 67.d7  1/2-1/2

[Event "36th Olympiad w"]
[Site "Calvia ESP"]
[Date "2004.10.26"]
[Round "11"]
[White "Munoz,Ca"]
[Black "Hernandez,Ya"]
[Result "1/2-1/2"]
[WhiteElo "2091"]
[BlackElo "2248"]

1.e4 g6 2.d4 Bg7 3.Nc3 c5 4.dxc5 Qa5 5.Bd2 Qxc5 6.Bd3 Nc6 7.Nd5 Qd6 8.c3 Nf6
9.Bf4 e5 10.Nxf6+ Qxf6 11.Be3 d6 12.Qd2 Qe6 13.Bc2 O-O 14.Bb3 Qg4 15.f3 Qh4+
16.g3 Qd8 17.O-O-O Na5 18.Qxd6 Nxb3+ 19.axb3 Qa5 20.Qa3 Qb5 21.Qa4 Qxa4 22.bxa4  1/2-1/2

[Event "3rd Masters"]
[Site "Rosny sous bois FRA"]
[Date "2004.10.28"]
[Round "6"]
[White "Riff,JN"]
[Black "Prevot,E"]
[Result "1-0"]
[WhiteElo "2428"]
[BlackElo "2241"]

1.e4 c5 2.Nc3 g6 3.d4 Bg7 4.dxc5 Qa5 5.Bd2 Qxc5 6.Nd5 Na6 7.Nf3 e6 8.Bc3 Bxc3+
9.Nxc3 Nf6 10.Qd2 O-O 11.Rd1 Nb4 12.Be2 d5 13.exd5 Nbxd5 14.Nxd5 Qxd5 15.Qf4 Qa5+
16.c3 Kg7 17.O-O Re8 18.Ne5 Qc7 19.Bf3 Nd5 20.Bxd5 exd5 21.Nxg6 Qxf4 22.Nxf4 Re4
23.Nxd5 Re2 24.Nc7 Rb8 25.Rd8 b6 26.Ne8+  1-0

[Event "Bundesliga 2004-5"]
[Site "Preetzer GER"]
[Date "2004.11.13"]
[Round "1"]
[White "Glek,I"]
[Black "Fries Nielsen,JO"]
[Result "1-0"]
[WhiteElo "2580"]
[BlackElo "2379"]

1.e4 g6 2.d4 Bg7 3.Nc3 Nc6 4.d5 Nb8 5.Nf3 d6 6.h3 Nf6 7.Bc4 O-O 8.O-O c6
9.a4 b6 10.Re1 Bb7 11.Bg5 Nbd7 12.dxc6 Bxc6 13.Nd4 Bb7 14.Nd5 Rc8 15.Ba2 Nc5
16.Bxf6 exf6 17.Nc3 f5 18.exf5 Qf6 19.fxg6 hxg6 20.Nde2 d5 21.Nxd5 Bxd5 22.Bxd5 Qxb2
23.Ra2 Qb4 24.Qb1 Qa5 25.Nf4 Rfe8 26.Rd1 Rcd8 27.c4 Ne4 28.Re2 Nc3 29.Rxe8+ Rxe8
30.Bxf7+ Kxf7 31.Qxg6+ Kf8 32.Rd7  1-0

[Event "Petrosian Mem Open"]
[Site "Yerevan ARM"]
[Date "2004.11.20"]
[Round "2"]
[White "Sanikidze,T"]
[Black "Minasian,Art"]
[Result "0-1"]
[WhiteElo "2364"]
[BlackElo "2584"]

1.e4 g6 2.d4 Bg7 3.Nc3 a6 4.g3 b5 5.Bg2 Bb7 6.Nge2 d6 7.O-O Nd7 8.a3 c6 9.Be3 Ngf6
10.h3 O-O 11.Qd2 e5 12.Rad1 Re8 13.g4 exd4 14.Bxd4 c5 15.Be3 b4 16.axb4 cxb4
17.Nd5 a5 18.c3 Nxe4 19.Qc2 Nec5 20.cxb4 axb4 21.Nxb4 Bxg2 22.Kxg2 Qb8 23.Nd5 Ra2
24.Bd4 Bxd4 25.Nxd4 Qb7 26.Nf3 Rxb2 27.Qc1 Rb3 28.Qf4 Nd3 29.Qxd6 Re6 30.Ne7+ Kg7
31.Qd4+ N7e5 32.Nd5 Qxd5  0-1

[Event "Petrosian Mem Open"]
[Site "Yerevan ARM"]
[Date "2004.11.22"]
[Round "4"]
[White "Danielian,E"]
[Black "Hovhannisyan,Y"]
[Result "1-0"]
[WhiteElo "2437"]
[BlackElo "2168"]

1.d4 g6 2.e4 Bg7 3.Nc3 a6 4.a4 d6 5.g3 Nc6 6.d5 Nd4 7.Be3 c5 8.dxc6 Nxc6
9.Nd5 Rb8 10.Bb6 Qd7 11.Bh3 e6 12.Nf3 Nf6 13.Nxf6+ Bxf6 14.Qd2 Bxb2 15.Rd1 Bf6
16.O-O Bd8 17.Bxd8 Qxd8 18.Qh6 Qf6 19.Ng5 Ke7 20.f4 Qc3 21.e5 dxe5 22.Qg7 Rf8
23.Nxh7 Qc5+ 24.Kh1 Bd7 25.Qf6+ Ke8 26.Nxf8 Qxf8 27.fxe5 Nd8 28.Rd6 Rc8 29.Rf4  1-0

[Event "Open A"]
[Site "Krakow POL"]
[Date "2005.01.02"]
[Round "7"]
[White "Caba,T"]
[Black "Kuzmicz,K"]
[Result "0-1"]
[WhiteElo "2153"]
[BlackElo "2371"]

1.e4 g6 2.d4 Bg7 3.Nc3 c5 4.Nf3 cxd4 5.Nxd4 Nc6 6.Nb3 Nf6 7.Be2 O-O 8.O-O a5
9.a4 Nb4 10.f4 Qb6+ 11.Kh1 d6 12.Bf3 Be6 13.Nb5 Bc4 14.Re1 Bxb5 15.axb5 Qxb5
16.Be3 Nc6 17.c3 a4 18.Ra3 Na5 19.Nxa5 Rxa5 20.Qc2 Qc4 21.Bb6 Raa8 22.Rea1 Nd7
23.Rxa4 Nxb6  0-1

[Event "Open A"]
[Site "Krakow POL"]
[Date "2005.01.02"]
[Round "7"]
[White "Brzeski,M"]
[Black "Skalski,M"]
[Result "1/2-1/2"]
[WhiteElo "2196"]
[BlackElo "2366"]

1.e4 c5 2.Nc3 g6 3.d4 Bg7 4.d5 d6 5.Bb5+ Nd7 6.a4 Nf6 7.f4 O-O 8.Nf3 Ne8
9.Qe2 Nc7 10.Bc4 a6 11.O-O Rb8 12.h3 Nf6 13.a5 b5 14.axb6 Rxb6 15.e5 Nd7
16.b3 Rb8 17.Na4 Nb6 18.Nxb6 Rxb6 19.Be3 Bb7 20.Rad1 Qa8 21.Qd2 a5 22.f5 Rd8
23.exd6 Rbxd6 24.fxg6 hxg6 25.Bxc5 R6d7 26.d6 exd6 27.Bd4 Bxf3 28.Rxf3 Bxd4+
29.Qxd4 d5 30.Bd3 Ne6 31.Qf6 Qa7+ 32.Kh1 Qd4 33.Qxd4 Nxd4 34.Rf4 Nc6 35.Bb5 Rc7
36.c4 Nb4 37.cxd5 Rxd5 38.Rxd5 Nxd5 39.Rd4 Rc5 40.Bc4 Nb6 41.Be2  1/2-1/2

[Event "HSK IM"]
[Site "Hamburg GER"]
[Date "2005.01.03"]
[Round "2"]
[White "Chevelevitch,E"]
[Black "Fries Nielsen,JO"]
[Result "1/2-1/2"]
[WhiteElo "2370"]
[BlackElo "2388"]


1.e4 g6 2.d4 Bg7 3.Nc3 Nc6 4.d5 Nb8 5.Nf3 d6 6.Bc4 Bg4 7.h3 Bxf3 8.Qxf3 Nd7
9.Qe2 Ngf6 10.O-O O-O  1/2-1/2

[Event "HSK IM"]
[Site "Hamburg GER"]
[Date "2005.01.04"]
[Round "4"]
[White "Trisic,A"]
[Black "Fries Nielsen,JO"]
[Result "1/2-1/2"]
[WhiteElo "2295"]
[BlackElo "2388"]


1.e4 g6 2.d4 Bg7 3.Nc3 a6 4.f4 b5 5.a3 d6 6.Nf3 Bb7 7.Be2 Nd7 8.O-O c5 9.d5 b4
10.axb4 cxb4 11.Na4 Ngf6 12.Bd3 O-O 13.c4 bxc3 14.bxc3 Qc7 15.Rb1 Rab8 16.Kh1 Rfe8
17.c4 e6 18.Nd2 h5 19.h3 h4 20.Bb2 e5 21.f5 Bh6 22.Nf3 Nh5 23.Re1 Ng3+ 24.Kg1 Nc5
25.Bc1 Bxc1 26.Rxc1 Nxa4 27.Qxa4 Qc5+ 28.Kh2 gxf5 29.Nxh4 f4 30.Rb1 Red8
31.Qd1 Kf8 32.Qg4 Qd4 33.Qg5 Qxd3 34.Ng6+ fxg6 35.Qf6+  1/2-1/2

[Event "Oceania zt"]
[Site "Auckland NZL"]
[Date "2005.02.03"]
[Round "7"]
[White "Nokes,R"]
[Black "Wohl,A"]
[Result "0-1"]
[WhiteElo "2329"]
[BlackElo "2378"]

1.e4 g6 2.d4 Bg7 3.Nc3 a6 4.g3 d6 5.Bg2 Nc6 6.Nge2 e5 7.d5 Nce7 8.O-O Nf6
9.a4 O-O 10.h3 c6 11.Be3 cxd5 12.Nxd5 Nfxd5 13.exd5 Bd7 14.a5 f5 15.Qd2 Rc8
16.Rac1 Bb5 17.Rfe1 Bxe2 18.Bb6 Qd7 19.Qxe2 f4 20.g4 Rce8 21.c4 Nc8 22.c5 Nxb6
23.c6 Qc7 24.cxb7 Qxb7 25.axb6 Qxb6 26.Rc6 Qb4 27.Qe4 Qxb2 28.Rxa6 f3 29.Bxf3 Rf4
30.Qe2 Qc3 31.Bg2 Ref8 32.Qe3 Qc4 33.Rc6 Qb4 34.Rf1 e4 35.Rc8 Rxc8 36.Qxf4 Re8
37.Rc1 Be5 38.Qe3 Bd4 39.Qe2 e3 40.Kh1 Qa4 41.fxe3 Qa3 42.Rd1 Rxe3 43.Qf1 Qa7
44.Re1 Qe7 45.Rxe3 Qxe3 46.Bf3 Kg7 47.Bg2 Kh6 48.Bf3 Kg5 49.Bg2 Kh4 50.Bf3 Qd2
51.Be2 Qa2 52.Qg2 Qb1+ 53.Bf1 Qe1 54.Qe2 Qxe2 55.Bxe2 Kxh3 56.Bd1 Kg3 57.Be2 Kf2
58.Bd1 Be5 59.Bc2 Bf4 60.Bd3 Kf3 61.Kg1 Be3+ 62.Kh2 Kxg4 63.Kg2 Bd4 64.Bc2 Kf4
65.Bd1 Be5 66.Bf3 h5 67.Bd1 Kg5 68.Kh3 Kh6 69.Bc2 g5 70.Bf5 g4+ 71.Kh4 Bf6+
72.Kg3 Kg5 73.Be4 h4+ 74.Kg2 h3+ 75.Kh1 g3 76.Kg1 Bd4+ 77.Kh1 Kf4 78.Bf3 Ke3
79.Be4 Kf2  0-1

[Event "21st Open"]
[Site "Cappelle la Grande FRA"]
[Date "2005.02.18"]
[Round "8"]
[White "Kryvoruchko,Y"]
[Black "Chernyshov,K"]
[Result "1/2-1/2"]
[WhiteElo "2474"]
[BlackElo "2556"]

1.e4 g6 2.d4 Bg7 3.Nc3 a6 4.f4 d5 5.e5 h5 6.Nf3 Bg4 7.Be3 Nh6 8.h3 Bxf3 9.Qxf3 e6
10.g3 Nc6 11.O-O-O Nf5 12.Bf2 Qd7 13.Be2 O-O-O 14.a3 Kb8 15.g4 hxg4 16.hxg4 Rxh1
17.Qxh1 Rh8 18.Qg2 Nfe7 19.Na4 Bf8 20.Nc5 Qd8 21.Rh1 Rxh1+ 22.Qxh1 Nc8 23.Nd3 Bg7
24.Qh7 Qh8 25.Qxh8 Bxh8 26.Kd2 N8e7 27.Ke3 Kc8 28.Bh4 Bg7 29.c3 Bf8 30.Bf1 Na5
31.a4 Nc4+ 32.Ke2 Nc6 33.f5 gxf5 34.gxf5 exf5 35.b3 N4a5 36.Bg2 Be7 37.Bg3 f6
38.Bxd5 fxe5 39.b4 exd4 40.bxa5 dxc3 41.Bxc6 bxc6 42.Kd1 c5 43.Kc2 c4 44.Ne5 Bd6  1/2-1/2

[Event "Jersey Open"]
[Site "Jersey JCI"]
[Date "2005.02.19"]
[Round "7"]
[White "Fraser,M"]
[Black "Brustkern,J"]
[Result "1-0"]
[WhiteElo "2168"]
[BlackElo "2251"]

1.e4 g6 2.d4 Bg7 3.Nc3 c5 4.d5 a6 5.a4 d6 6.Nf3 Nf6 7.Be2 O-O 8.Bf4 Nbd7
9.h3 Ne8 10.O-O b6 11.Re1 f6 12.Bf1 Nc7 13.Ra3 Rf7 14.Qb1 a5 15.Nb5 Nxb5
16.axb5 Nf8 17.Rd1 g5 18.Bg3 h6 19.Be2 f5 20.exf5 Bxf5 21.Re3 Qd7 22.Nh2 Ng6
23.Bh5 Qxb5 24.Ng4 Qd7 25.Rde1 b5 26.Re6 Rf6 27.Nxf6+ Bxf6 28.Bxg6 Bxg6 29.Bxd6 Bf5
30.Bxe7 Bxe6 31.Bxf6 Qxd5 32.Re5 Qd6 33.Qe1 Bf7 34.Be7 Qg6 35.h4 gxh4 36.Bxh4 Qxc2
37.Re3 Ra6 38.Re8+ Kh7 39.Rf8 Qf5 40.Qc3 Rd6 41.Rh8+ Kg6 42.Qg3+  1-0

[Event "Aeroflot Open"]
[Site "Moscow RUS"]
[Date "2005.02.23"]
[Round "9"]
[White "Naiditsch,A"]
[Black "Tseshkovsky,V"]
[Result "1-0"]
[WhiteElo "2623"]
[BlackElo "2581"]

1.e4 g6 2.d4 Bg7 3.Nc3 a6 4.h4 d5 5.Nxd5 c6 6.Ne3 Qxd4 7.Bd3 b5 8.h5 Nd7
9.Nf3 Qd6 10.a4 Bb7 11.Ng4 gxh5 12.Rxh5 Bxb2 13.Bxb2 Qb4+ 14.Kf1 Qxb2 15.e5 Nc5
16.Ng5 Nxd3 17.cxd3 f5 18.Ne3 Qxe5 19.Nf7 Qg7 20.Nxh8 e6 21.axb5 cxb5 22.Rc1 Nf6
23.Rh4 Rd8 24.g3 Qxh8 25.Rc7 Rd7 26.Qc1 Kd8 27.Rd4 Rxd4 28.Rxb7 Nd7 29.Qc3 Qe5
30.Nc2 Rd5 31.d4 Qe4 32.f3 Qe5 33.Nb4 Qd6 34.Ke2 e5 35.Ra7 Rxd4  1-0